000 00575nam a2200205Ia 4500
003 GCL
008 140319s9999 xx 000 0 ara d
040 _aGCL /
_cGCL
082 0 4 _a621.3841
_bن ه
100 1 _aصلاح عامر
245 1 0 _aهندسة الراديو /
_cصلاح عامر
700 1 _aرزق باسيلى
700 1 _aنورس، روى ك.
300 _a368 ص
490 _aالالف كتاب
_v0
650 0 4 _aالهندسة الالكترونية
650 0 4 _aالهندسة
650 0 4 _aالهندسة الكهربية
942 _2ddc
_cBK
999 _c49744
_d49744